000 00546nam a22001697a 4500
020 _a978-81-19443-59-8
082 _a342.023
_bADH/I.2
100 _aAdharsh Raj
245 _aIndian baranasamvidanavum baranagadanayum malsarapareekshakalil (Part-II)/
_cby Adharsh Raj.
260 _aKozhikode:
_bPavanatma Publishers Pvt. Ltd.,
_c2024.
300 _a657-754p.
650 _aIndian Polity
650 _aIndian Constitution
650 _aUPSC Civil Service, KAS, SSC, PSC, RRB - Examination Guide
650 _aSocial Science
942 _cBK
999 _c181852
_d181852